|
|
|
|
| LEADER |
00000nam0a2200000 4500 |
| 001 |
340581 |
| 005 |
20231102005244.0 |
| 035 |
|
|
|a (RuTPU)RU\TPU\book\367504
|
| 090 |
|
|
|a 340581
|
| 100 |
|
|
|a 20180404d1980 k y0rusy50 ca
|
| 101 |
0 |
|
|a rus
|
| 102 |
|
|
|a UA
|
| 105 |
|
|
|a a dm 001zy
|
| 200 |
1 |
|
|a Потенциометрическое титрование молибдена (VI) арилпроизводными гидроксиламинами с твердыми электродами
|e автореферат диссертации на соискание ученой степени кандидата химических наук
|e спец. 02.00.02
|f Л. В. Боева
|g Днепропетровский государственный университет (ДГУ) ; науч. рук. К. Н. Багдасаров, В. А. Кимстач
|
| 210 |
|
|
|a Днепропетровск
|c [Б. и.]
|d 1980
|
| 215 |
|
|
|a 26 с.
|c ил.
|
| 300 |
|
|
|a Защита сост. 21.01.1981 г.
|
| 320 |
|
|
|a Библиогр.: с. 25-26 (9 назв.)
|
| 606 |
1 |
|
|a Молибден
|x Химический анализ
|2 stltpush
|3 (RuTPU)RU\TPU\subj\44318
|9 63669
|
| 606 |
1 |
|
|a Титрование потенциометрическое
|2 stltpush
|3 (RuTPU)RU\TPU\subj\60758
|9 77985
|
| 610 |
1 |
|
|a библиотека А. Г. Стромберга
|
| 610 |
1 |
|
|a авторефераты диссертаций
|
| 610 |
1 |
|
|a твердые электроды
|
| 610 |
1 |
|
|a арилпролизводные
|
| 610 |
1 |
|
|a гидроксиламин
|
| 610 |
1 |
|
|a растворимость
|
| 675 |
|
|
|a 543.554(04)
|v 4
|
| 675 |
|
|
|a 546.77(04)
|v 4
|
| 686 |
|
|
|a 02.002.02
|2 oksvnk
|
| 700 |
|
1 |
|a Боева
|b Л. В.
|g Людмила Васильевна
|
| 702 |
|
1 |
|a Багдасаров
|b К. Н.
|4 727
|
| 702 |
|
1 |
|a Кимстач
|b В. А.
|4 727
|
| 712 |
0 |
2 |
|a Днепропетровский государственный университет (ДГУ)
|g ДГУ
|y Днепропетровск (Украина)
|z (1918-2016)
|2 stltpush
|3 (RuTPU)RU\TPU\col\11280
|
| 801 |
|
1 |
|a RU
|b 63413507
|c 20180404
|
| 801 |
|
2 |
|a RU
|b 63413507
|c 20180523
|g RCR
|
| 942 |
|
|
|c BK
|